[Event "Baltic Zonal Vilnius 2017"]
[Site "masterchessopen.com Vilnius LTU"]
[Date "2017.03.25"]
[Round "7.4"]
[White "Meskovs,N"]
[Black "Sulskis,S"]
[Result "0-1"]
[WhiteElo "2490"]
[BlackElo "2517"]

1.c4 e5 2.Nc3 Nf6 3.Nf3 Nc6 4.g3 Bb4 5.Bg2 O-O 6.O-O Re8 7.d3 Bxc3 8.bxc3 e4
9.Nd4 exd3 10.exd3 Nxd4 11.cxd4 d5 12.Rb1 Rb8 13.Bf4 Bg4 14.Qb3 Qd7 15.Be5 Bh3
16.Qb5 Bxg2 17.Kxg2 b6 18.Rfe1 c6 19.Qa6 Rbc8 20.c5 Ng4 21.Bf4 h6 22.h3 g5
23.Bd6 Nxf2 24.Kxf2 Qxh3 25.Qb7 Qh2+ 26.Kf3 h5 27.Re7 Qd2 28.g4 Qxd3+ 29.Kg2
Qc2+ 30.Kf3 Qxb1 31.Be5 hxg4+ 32.Kg2 Qe4+ 33.Kh2 Qe2+ 34.Kg1 g3 35.Rxf7 Qh2+
{#R} 0-1

[Event "Baltic Zonal Vilnius 2017"]
[Site "masterchessopen.com Vilnius LTU"]
[Date "2017.03.25"]
[Round "7.7"]
[White "Krivonosov,O"]
[Black "Seeman,T"]
[Result "1-0"]
[WhiteElo "2447"]
[BlackElo "2411"]

1.Nf3 Nf6 2.c4 g6 3.Nc3 Bg7 4.e4 d6 5.d4 O-O 6.Be2 Na6 7.O-O e5 8.Be3 c6
9.dxe5 dxe5 10.Qxd8 Rxd8 11.h3 Nh5 12.Rfd1 Re8 13.c5 Nc7 14.Bc4 Nf4 15.Kh2 h6
16.b4 g5 17.b5 Bf8 18.Rab1 Kg7 19.bxc6 bxc6 20.Rd6 Bxd6 21.cxd6 Ba6 22.dxc7
Bxc4 23.Nxe5 Ba6 24.Bxf4 gxf4 25.Nxc6 Rac8 26.Nd5 Rxe4 27.Nxa7 Rce8 28.Rb8
R8e6 29.Nb4 {#r} 1-0

[Event "Baltic Zonal Vilnius 2017"]
[Site "masterchessopen.com Vilnius LTU"]
[Date "2017.03.25"]
[Round "7.8"]
[White "Kveinys,A"]
[Black "Stauskas,Lukas"]
[Result "1-0"]
[WhiteElo "2509"]
[BlackElo "2272"]

1.d4 Nf6 2.c4 e6 3.Nf3 b6 4.g3 Bb7 5.Bg2 Be7 6.O-O O-O 7.Re1 c5 8.Nc3 cxd4
9.Qxd4 Nc6 10.Qf4 Rc8 11.Rd1 Na5 12.b3 d5 13.Bb2 Bd6 14.Qh4 Be7 15.Qh3 Bb4
16.Rac1 Qe7 17.cxd5 Nxd5 18.Nxd5 Bxd5 19.Rxc8 Rxc8 20.Rxd5 Rc2 21.Rh5 Rxb2
22.Rxh7 g6 23.Rh8+ Kg7 {#r} 1-0

[Event "Baltic Zonal Vilnius 2017"]
[Site "masterchessopen.com Vilnius LTU"]
[Date "2017.03.25"]
[Round "7.9"]
[White "Malisauskas,V"]
[Black "Kanep,M"]
[Result "1-0"]
[WhiteElo "2415"]
[BlackElo "2481"]

1.d4 Nf6 2.c4 g6 3.Nc3 Bg7 4.e4 d6 5.h3 O-O 6.Bg5 Na6 7.Bd3 e5 8.d5 Nc5 9.Bc2
a5 10.Nge2 c6 11.O-O h6 12.Be3 cxd5 13.cxd5 Bd7 14.a3 a4 15.Qd2 Kh7 16.f4 exf4
17.Rxf4 Rc8 18.Raf1 Be8 19.Bd4 Nfd7 20.Bxg7 Kxg7 21.Bxa4 Nxa4 22.Nxa4 Ne5
23.Nac3 Qb6+ 24.Kh2 Bd7 25.Nd4 h5 26.Rf6 Qc5 27.Nce2 Rce8 28.Ng3 Rh8 29.b4 Qc7
30.Qg5 Bc8 31.Ngf5+ Bxf5 32.Nxf5+ Kg8 33.Nxd6 Re7 34.Kh1 Rh7 35.Nf5 Re8 36.d6
Qc4 37.Ne7+ {#r} 1-0

[Event "Baltic Zonal Vilnius 2017"]
[Site "masterchessopen.com Vilnius LTU"]
[Date "2017.03.25"]
[Round "7.11"]
[White "Starostits,I"]
[Black "Jezov,Roman"]
[Result "0-1"]
[WhiteElo "2425"]
[BlackElo "2298"]

1.d4 Nf6 2.Nf3 c5 3.e3 d5 4.b3 Nc6 5.Bd3 Bg4 6.Bb2 cxd4 7.exd4 e6 8.Nbd2 Bd6
9.O-O O-O 10.a3 Rc8 11.Qe1 Bf5 12.Bxf5 exf5 13.Qe2 Re8 14.Qd3 Ne4 15.c4 Ne7
16.Rfe1 Ng6 17.g3 Bb8 18.Rad1 h5 19.cxd5 Qxd5 20.Nc4 f4 21.Nfe5 Ng5 22.h4 Nh3+
23.Kf1 b5 24.Qf5 fxg3 25.Qxh3 bxc4 26.bxc4 Qb7 27.Nxg6 fxg6 28.Bc1 Qf7 29.Qg2
Qxc4+ 30.Kg1 Rxe1+ 31.Rxe1 Qxd4 32.Be3 Qxh4 33.fxg3 Bxg3 34.Rf1 Kh7 35.Bxa7
Rc4 36.Rf7 Rc1+ 37.Rf1 Bh2+ {#R} 0-1

[Event "11th ch-SRB 2017"]
[Site "masterchessopen.com Kragujevac SRB"]
[Date "2017.03.25"]
[Round "3.2"]
[White "Damljanovic,B"]
[Black "Pap,M"]
[Result "1-0"]
[WhiteElo "2548"]
[BlackElo "2493"]

1.d4 Nf6 2.Nf3 e6 3.c4 Bb4+ 4.Bd2 a5 5.Qc2 d6 6.Nc3 Nbd7 7.g4 h6 8.Rg1 Qe7
9.h4 b6 10.g5 hxg5 11.hxg5 Nh5 12.Nb5 Nf8 13.a3 Bxd2+ 14.Nxd2 Bb7 15.e3 c6
16.Nc3 e5 17.d5 c5 18.Qa4+ Qd7 19.Nb5 Ke7 20.Ne4 Ba6 21.Nexd6 g6 22.Qc2 Bxb5
23.Nxb5 Nh7 24.Qc3 Qf5 25.Bh3 Qe4 26.d6+ Kf8 27.O-O-O Rd8 28.f3 Qh4 29.Qxe5
Qxc4+ 30.Kb1 Kg8 31.Nc7 Ng7 32.Qe7 Rf8 33.d7 {#r} 1-0

[Event "11th ch-SRB 2017"]
[Site "masterchessopen.com Kragujevac SRB"]
[Date "2017.03.25"]
[Round "3.4"]
[White "Milanovic,Da"]
[Black "Irizanin,R"]
[Result "1-0"]
[WhiteElo "2502"]
[BlackElo "2348"]

1.d4 d6 2.Nf3 g6 3.c4 Bg7 4.Nc3 e5 5.dxe5 dxe5 6.Qxd8+ Kxd8 7.Bg5+ f6 8.O-O-O+
Bd7 9.Be3 Kc8 10.h3 Be6 11.b3 h5 12.g3 Ne7 13.Bg2 Nd7 14.Kb1 Rd8 15.Bc1 a5
16.Nd2 Nc6 17.Bd5 Nc5 18.Nde4 Bxd5 19.cxd5 Nxe4 20.Nxe4 Nb4 21.Nc3 e4 22.d6 f5
23.Nb5 a4 24.dxc7 Rd5 25.Bb2 Bxb2 26.Kxb2 axb3 27.Kxb3 Nd3 28.a4 Nc5+ 29.Kc4
Rxd1 30.Rxd1 Nd7 31.Kb4 Ra6 32.f3 Re6 33.Rc1 Nb6 34.Na7+ Kd7 35.c8=Q+ Nxc8
36.Nxc8 {#r} 1-0

[Event "11th ch-SRB 2017"]
[Site "masterchessopen.com Kragujevac SRB"]
[Date "2017.03.25"]
[Round "3.5"]
[White "Radovanovic,Mihajlo"]
[Black "Todorovic,GM"]
[Result "1-0"]
[WhiteElo "2357"]
[BlackElo "2457"]

1.d4 d5 2.c4 e6 3.Nf3 Nf6 4.g3 dxc4 5.Bg2 a6 6.O-O b5 7.Ne5 Nd5 8.a4 Bb7
9.axb5 axb5 10.Rxa8 Bxa8 11.e4 Nf6 12.Nc3 c6 13.d5 Be7 14.dxe6 fxe6 15.Qe2 O-O
16.Bh3 Qe8 17.Bxe6+ Kh8 18.Rd1 Bb7 19.Bf4 Na6 20.Nd7 Nxd7 21.Bxd7 Qg6 22.Bf5
Qf6 23.Rd7 Nc5 24.Qh5 h6 25.e5 Qxf5 26.Qxf5 Rxf5 27.Rxe7 b4 28.Be3 bxc3
29.bxc3 Ne4 30.Rxb7 Nxc3 31.f4 Kg8 32.Bc5 Nb5 33.Rb8+ Kf7 34.g4 {#r} 1-0

[Event "90th ch-St Petersburg"]
[Site "masterchessopen.com St Petersburg RUS"]
[Date "2017.03.25"]
[Round "8.2"]
[White "Fraiman,Dmitry"]
[Black "Schekachikhin,Maksim"]
[Result "1-0"]
[WhiteElo "2255"]
[BlackElo "2380"]

1.e4 c5 2.Nf3 e6 3.d4 cxd4 4.Nxd4 a6 5.Nc3 Qc7 6.g3 Bb4 7.Bd2 Nf6 8.Bg2 Nc6
9.Nxc6 dxc6 10.f4 e5 11.f5 b5 12.g4 Nd7 13.Qf3 Bb7 14.O-O-O O-O-O 15.Kb1 Bc5
16.g5 f6 17.h4 Nb6 18.b3 Qe7 19.Ne2 Rd7 20.Nc1 Rhd8 21.Nd3 b4 22.h5 a5 23.h6
Bd4 24.hxg7 Qxg7 25.gxf6 Qxf6 26.Rh6 Qf8 27.Rdh1 Bc3 28.Bg5 Nc4 29.bxc4 Rxd3
30.cxd3 b3 31.Bc1 bxa2+ 32.Kxa2 Qb4 33.Ba3 Qb6 34.Rxh7 Ba6 35.Rh8 a4 36.Rxd8+
Kxd8 37.Rb1 Qd4 38.Qe2 Kc7 39.f6 Bd2 40.Bf1 Qc3 41.f7 Qc2+ 42.Rb2 {#r} 1-0

[Event "90th ch-St Petersburg"]
[Site "masterchessopen.com St Petersburg RUS"]
[Date "2017.03.25"]
[Round "8.3"]
[White "Alekseenko,K"]
[Black "Levin,Ev"]
[Result "0-1"]
[WhiteElo "2588"]
[BlackElo "2518"]

1.d4 Nf6 2.Bg5 e6 3.e4 h6 4.Bxf6 Qxf6 5.Nc3 d6 6.Qd2 c6 7.f4 e5 8.dxe5 dxe5
9.fxe5 Qxe5 10.Nf3 Qd6 11.Bd3 Be6 12.e5 Qb4 13.O-O-O Nd7 14.a3 Qa5 15.Bc4
O-O-O 16.Bxe6 fxe6 17.Qd3 Bxa3 18.Nd4 Nxe5 19.Qh3 Kb8 20.Nxe6 Nc4 21.Rxd8+
Rxd8 22.Nxd8 Bxb2+ 23.Kd1 Qxd8+ 24.Qd3 Qxd3+ 25.cxd3 Bxc3 26.dxc4 Kc7 27.Kc2
Bf6 28.Rb1 b6 29.Rd1 b5 30.c5 a5 31.Kb3 Be7 32.Rf1 Bxc5 33.Rf7+ Kb6 34.Rxg7
a4+ 35.Ka2 b4 36.Rg6 Be3 37.Re6 Bd2 38.h4 Kb5 39.g4 c5 40.Rd6 Bf4 41.Re6 c4
42.Kb2 a3+ {#R} 0-1

[Event "90th ch-St Petersburg"]
[Site "masterchessopen.com St Petersburg RUS"]
[Date "2017.03.25"]
[Round "8.6"]
[White "Saveliev,Alexei"]
[Black "Usmanov,V"]
[Result "1-0"]
[WhiteElo "2362"]
[BlackElo "2443"]

1.e4 e6 2.d4 d5 3.Nc3 Nf6 4.e5 Nfd7 5.f4 c5 6.Nf3 Nc6 7.Be3 Be7 8.dxc5 O-O
9.Qd2 Qa5 10.Be2 Bxc5 11.Bxc5 Nxc5 12.a3 Rd8 13.O-O Qb6 14.Kh1 d4 15.Nd1 d3
16.Bxd3 Rxd3 17.cxd3 Nb3 18.Qc3 Nxa1 19.b4 a5 20.bxa5 Qxa5 21.Qxa1 Qxa3 22.Qb1
Nb4 23.Nf2 Bd7 24.h3 Bc6 25.Nd4 Bd5 26.Nb5 Qa5 27.Nd6 Bc6 28.Nfe4 Qa3 29.f5
Qxd3 30.fxe6 fxe6 31.Qe1 Ra2 32.Rf3 Bxe4 33.Rxd3 Nxd3 34.Qh4 Bxg2+ 35.Kg1 h6
36.Qc4 Rd2 37.Qxe6+ Kh7 38.Qf5+ Kg8 39.Qf7+ Kh7 40.Ne8 {#r} 1-0

[Event "ch-ROU 2017"]
[Site "masterchessopen.com Calimanesti-Caciulata ROU"]
[Date "2017.03.25"]
[Round "1.1"]
[White "Lupulescu,C"]
[Black "Chima,R"]
[Result "1-0"]
[WhiteElo "2620"]
[BlackElo "2141"]

1.d4 Nf6 2.c4 e6 3.Nc3 d5 4.cxd5 exd5 5.Bg5 Nbd7 6.e3 c6 7.Bd3 Bd6 8.Qc2 h6
9.Bh4 O-O 10.Nge2 Re8 11.h3 Qa5 12.O-O-O b6 13.g4 Ba6 14.Bxa6 Qxa6 15.g5 hxg5
16.Bxg5 Ne4 17.Nxe4 Rxe4 18.Kb1 Rc8 19.Nc3 Re6 20.Rhg1 Rce8 21.Rg2 Qb7 22.Qf5
Nf8 23.h4 Qd7 24.h5 g6 25.Bf6 Be7 26.Be5 Bd6 27.f4 Bxe5 28.fxe5 R6e7 29.Qf3
Qe6 30.e4 Rd8 31.exd5 cxd5 32.Qd3 Rc7 33.Rf1 Rc6 34.Ne2 Qc8 35.Nf4 Rd7 36.hxg6
fxg6 37.Nxg6 Nxg6 38.Rxg6+ Rxg6 39.Qxg6+ Rg7 40.Qd6 Qd7 41.Qf8+ Kh7 42.Rh1+
Kg6 43.Qf6# 1-0

[Event "ch-ROU 2017"]
[Site "masterchessopen.com Calimanesti-Caciulata ROU"]
[Date "2017.03.25"]
[Round "1.2"]
[White "Besciu,V"]
[Black "Parligras,M"]
[Result "0-1"]
[WhiteElo "2140"]
[BlackElo "2601"]

1.d4 Nf6 2.c4 e6 3.Nf3 d5 4.Nc3 Bb4 5.e3 O-O 6.Bd2 b6 7.a3 Bd6 8.b4 c6 9.c5
Bc7 10.Be2 Nbd7 11.O-O e5 12.h3 Re8 13.Qc2 e4 14.Nh2 Nf8 15.f4 exf3 16.Bxf3
bxc5 17.bxc5 Ng6 18.Qd1 Nh4 19.Be2 Bb8 20.Rf2 Bg3 21.Rf1 Qc7 22.Nf3 Nf5 23.Qc1
Qe7 24.Nd1 Ne4 25.Be1 Bc7 26.Bd3 g6 27.Ra2 h5 28.Bxe4 dxe4 29.Nd2 Qg5 30.Nc4
Ba6 31.Rc2 Nh4 32.Bxh4 Qxh4 33.Rff2 Bxc4 34.Rxc4 Qg3 35.Kf1 Qh2 36.Qc3 {#R}
0-1

[Event "ch-ROU 2017"]
[Site "masterchessopen.com Calimanesti-Caciulata ROU"]
[Date "2017.03.25"]
[Round "1.3"]
[White "Deac,Bogdan-Daniel"]
[Black "Raducanu,A"]
[Result "1-0"]
[WhiteElo "2584"]
[BlackElo "2132"]

1.d4 d5 2.Bf4 Nf6 3.e3 Bf5 4.c4 c6 5.Nc3 e6 6.Qb3 b6 7.cxd5 exd5 8.Nf3 Bd6
9.Ne5 O-O 10.Be2 Qe7 11.Rc1 Nfd7 12.Nxc6 Nxc6 13.Nxd5 Bb4+ 14.Kd1 Qe6 15.Nxb4
Qxb3+ 16.axb3 Nxb4 17.Bd6 a5 18.Bxf8 Kxf8 19.Bb5 Nf6 20.f3 Be6 21.Bc4 Bd7
22.Kd2 Rd8 23.e4 Ke7 24.Ke3 Ne8 25.d5 Nd6 26.Bd3 Nb7 27.Bc4 Rc8 28.e5 Nc5
29.Rhd1 Ke8 30.g4 b5 31.Be2 Nxb3 32.Rxc8+ Bxc8 33.Bxb5+ Bd7 34.Bc4 Nc5 35.Kd4
Na4 36.Rd2 Ke7 37.b3 Nb6 38.Kc5 Nxc4 39.bxc4 Bc8 40.Kb5 Na6 41.Kxa5 Nc5 42.Kb5
Nd7 43.f4 Nf8 44.f5 Nd7 45.Re2 Bb7 46.g5 Ke8 47.e6 fxe6 48.fxe6 Nf8 49.Kb6 Bc8
50.c5 {#r} 1-0

[Event "ch-ROU 2017"]
[Site "masterchessopen.com Calimanesti-Caciulata ROU"]
[Date "2017.03.25"]
[Round "1.4"]
[White "Ognean,Mihnea-Ionut"]
[Black "Istratescu,A"]
[Result "0-1"]
[WhiteElo "2128"]
[BlackElo "2579"]

1.e4 c5 2.Nf3 e6 3.g3 d5 4.exd5 exd5 5.d4 Nc6 6.Bg2 Bg4 7.O-O cxd4 8.h3 Bxf3
9.Qxf3 Nf6 10.Bg5 Be7 11.Bxf6 Bxf6 12.Re1+ Kf8 13.c3 g6 14.cxd4 Nxd4 15.Qd3
Ne6 16.Nc3 d4 17.Nd5 Kg7 18.Rac1 Rc8 19.Qb5 Rxc1 20.Rxc1 Qd6 21.b3 b6 22.b4
Rd8 23.a4 Qe5 24.f4 Qb8 25.Be4 Rc8 26.Rc6 Rxc6 27.Qxc6 h5 28.h4 Qd8 29.Kg2 a5
30.bxa5 bxa5 31.Bd3 Bxh4 32.gxh4 Qxd5+ {#R} 0-1

[Event "ch-ROU 2017"]
[Site "masterchessopen.com Calimanesti-Caciulata ROU"]
[Date "2017.03.25"]
[Round "1.5"]
[White "Nevednichy,V"]
[Black "Zubcu,Vlad-George"]
[Result "1-0"]
[WhiteElo "2547"]
[BlackElo "2127"]

1.e4 e5 2.Nf3 Nc6 3.Bc4 Nf6 4.d3 Be7 5.O-O O-O 6.Re1 d6 7.a4 h6 8.a5 Nh7 9.a6
Rb8 10.axb7 Bxb7 11.Be3 Ng5 12.Nbd2 Kh8 13.Bd5 f5 14.exf5 Rxf5 15.c3 Rf8 16.b4
Nxf3+ 17.Nxf3 Bf6 18.Qb3 e4 19.dxe4 Nxb4 20.Bxb7 Rxb7 21.Rad1 Qb8 22.cxb4 Rxb4
23.Qd5 Rb5 24.Qd3 Rh5 25.Bd4 Qe8 26.Bxa7 c5 27.e5 {#r} 1-0

[Event "ch-ROU 2017"]
[Site "masterchessopen.com Calimanesti-Caciulata ROU"]
[Date "2017.03.25"]
[Round "1.6"]
[White "Talu,Mircea"]
[Black "Marin,Mi"]
[Result "0-1"]
[WhiteElo "2091"]
[BlackElo "2539"]

1.d4 Nf6 2.c4 e6 3.g3 c5 4.d5 exd5 5.cxd5 d6 6.Nc3 g6 7.Bg2 Bg7 8.Nf3 O-O
9.O-O Na6 10.Nd2 Nc7 11.a4 b6 12.Re1 Ba6 13.Qb3 Rb8 14.Nb5 Bxb5 15.axb5 Qe8
16.Nc4 Nxb5 17.Bf4 Qd7 18.Qa4 Rb7 19.e4 Ne8 20.e5 Nd4 21.Qxd7 Rxd7 22.e6 fxe6
23.dxe6 Re7 24.Nxd6 Rxf4 25.Nc8 Rc7 26.gxf4 Rxc8 27.Rxa7 Nf6 28.e7 Re8 29.Rb7
Kf7 30.Kf1 Bh6 31.Rxb6 Bxf4 32.b4 Nc2 33.Ree6 Nd7 34.bxc5 Nxb6 35.Rxb6 Rxe7
36.Bd5+ Kg7 37.Kg2 Ne1+ 38.Kg1 Nd3 39.c6 Nxf2 40.Rb7 Rxb7 41.cxb7 Nd3 42.h3
Bb8 {#R} 0-1

[Event "ch-ROU 2017"]
[Site "masterchessopen.com Calimanesti-Caciulata ROU"]
[Date "2017.03.25"]
[Round "1.7"]
[White "Miron,L"]
[Black "Luca,Ionel"]
[Result "1-0"]
[WhiteElo "2502"]
[BlackElo "2089"]

1.d4 Nf6 2.c4 e6 3.Nc3 Bb4 4.Qc2 c5 5.dxc5 Qa5 6.Bd2 Na6 7.a3 Nxc5 8.Rd1 Bxc3
9.Bxc3 Qa4 10.Qxa4 Nxa4 11.Be5 b5 12.cxb5 Bb7 13.f3 Rc8 14.e3 Bd5 15.Ne2 Bb3
16.Rd2 O-O 17.Kf2 Nb6 18.Nd4 Bd5 19.e4 Ba8 20.b3 Ne8 21.Be2 Rc5 22.Bb8 Nc8
23.Rc2 Rxc2 24.Nxc2 f5 25.e5 g6 26.Nd4 Kf7 27.Rc1 Ng7 28.Rc7 Rd8 29.a4 Ne8
30.Rc1 d6 31.Bc4 Bd5 32.Bxd5 exd5 33.e6+ {#r} 1-0

[Event "ch-ROU 2017"]
[Site "masterchessopen.com Calimanesti-Caciulata ROU"]
[Date "2017.03.25"]
[Round "1.8"]
[White "Stancu,Robert-Alexandru"]
[Black "Manolache,M"]
[Result "0-1"]
[WhiteElo "2088"]
[BlackElo "2496"]

1.d4 Nf6 2.Nf3 d6 3.Nbd2 Bf5 4.Nh4 Bd7 5.e4 g6 6.Nhf3 Bg7 7.Bd3 c5 8.c3 O-O
9.O-O Qc7 10.Re1 cxd4 11.Nxd4 Na6 12.N2b3 Nc5 13.Bc2 Rad8 14.Qe2 Rfe8 15.h3 a6
16.e5 Nh5 17.Nxc5 dxc5 18.Nf3 Bh8 19.Ng5 Ng7 20.Bb3 e6 21.Ne4 Nf5 22.Bg5 Bxe5
23.Bxd8 Rxd8 24.Nxc5 Bh2+ 25.Kh1 Bb5 26.Nxe6 fxe6 27.Qxe6+ Kg7 28.Rad1 Bd6
29.Qe4 Re8 30.Qf3 Rf8 31.Qe4 Qc5 32.Qxb7+ Kh6 33.Rd2 Bc6 34.Qxa6 Nh4 35.f3
Rxf3 {#R} 0-1

[Event "ch-ROU 2017"]
[Site "masterchessopen.com Calimanesti-Caciulata ROU"]
[Date "2017.03.25"]
[Round "1.11"]
[White "Georgescu,T"]
[Black "Olinici,Emanuel"]
[Result "1-0"]
[WhiteElo "2465"]
[BlackElo "2069"]

1.Nf3 d5 2.g3 Nf6 3.Bg2 g6 4.b3 Bg7 5.Bb2 O-O 6.O-O c5 7.c4 dxc4 8.bxc4 Re8
9.Nc3 e5 10.d3 Nc6 11.Nd2 Bd7 12.Nde4 b6 13.Qd2 Nxe4 14.Nxe4 Qe7 15.Nc3 Rf8
16.f4 Rae8 17.Rae1 f5 18.Nd5 Qd6 19.e3 Kh8 20.Bc3 Be6 21.Qb2 Bxd5 22.cxd5 Nb4
23.Bxe5 Bxe5 24.fxe5 Rxe5 25.Rd1 Nxd5 26.d4 cxd4 27.Rxd4 {#r} 1-0

[Event "ch-ROU 2017"]
[Site "masterchessopen.com Calimanesti-Caciulata ROU"]
[Date "2017.03.25"]
[Round "1.14"]
[White "David,Aurelian-Corneliu"]
[Black "Bida,M"]
[Result "0-1"]
[WhiteElo "2051"]
[BlackElo "2449"]

1.d4 Nf6 2.c4 e6 3.Nf3 c5 4.d5 exd5 5.cxd5 Bd6 6.g3 O-O 7.Bg2 Re8 8.O-O Bf8
9.Nc3 d6 10.Bf4 Na6 11.Nd2 Rb8 12.a4 Nb4 13.Nc4 Nh5 14.Bc1 g6 15.e4 a6 16.a5
Bd7 17.g4 Nf6 18.h3 Bb5 19.b3 Bg7 20.Bb2 Bxc4 21.bxc4 Nxe4 22.Bxe4 Bxc3
23.Bxc3 Rxe4 24.Bxb4 cxb4 25.Qd3 Rf4 26.Rac1 Qxa5 27.Qe3 Rf6 28.c5 dxc5
29.Rxc5 Qd8 30.Rfc1 Rd6 31.Qf4 b3 32.Rc7 Qf6 33.Qb4 b2 34.R1c2 Rxd5 35.Qxb2
Qxb2 36.Rxb2 b5 37.Ra7 Rd6 38.Rc2 b4 39.Rcc7 Rf6 40.g5 Rf5 41.Rxa6 b3 42.Ra1
b2 43.Rb1 Ra5 44.Rd7 Rxg5+ 45.Kf1 Rc5 46.Ke1 Rc1+ 47.Rd1 Re8+ 48.Kf1 Rxd1+
49.Rxd1 Rc8 {#R} 0-1

[Event "ch-ROU 2017"]
[Site "masterchessopen.com Calimanesti-Caciulata ROU"]
[Date "2017.03.25"]
[Round "1.15"]
[White "Anton,T"]
[Black "Fluerariu,R"]
[Result "1-0"]
[WhiteElo "2412"]
[BlackElo "2030"]

1.d4 d6 2.e4 Nf6 3.Nd2 g6 4.Ngf3 Bg7 5.Bd3 O-O 6.O-O Nc6 7.Re1 e5 8.c3 Nh5
9.Nb3 Bg4 10.Be2 Nf4 11.Bxf4 exf4 12.Nfd2 Bd7 13.Bg4 Be8 14.Qf3 h5 15.Bh3 Qg5
16.Nc1 Qh6 17.Nd3 g5 18.Bf5 Ne7 19.Nb4 c6 20.Nd3 Nxf5 21.exf5 Bd7 22.h4 Bxf5
23.hxg5 Qxg5 24.Ne4 Qg4 25.Qxg4 hxg4 26.Nxf4 Rad8 27.Nh5 d5 28.Neg3 Be6
29.Nxg7 Kxg7 30.Re5 Rfe8 31.Rae1 Kf6 32.Nh5+ Kg6 33.Nf4+ Kf6 34.Nxe6 Rxe6
35.Rxe6+ fxe6 36.Kh2 c5 37.dxc5 d4 38.cxd4 Rxd4 39.Re3 Rb4 40.Rb3 Rxb3 41.axb3
a5 42.Kg3 Kf5 43.f3 gxf3 44.Kxf3 e5 45.Ke3 e4 46.g3 Ke5 47.g4 Kd5 48.g5 Ke5
49.g6 Kf6 50.Kxe4 Kxg6 {#r} 1-0

[Event "ch-ROU 2017"]
[Site "masterchessopen.com Calimanesti-Caciulata ROU"]
[Date "2017.03.25"]
[Round "1.17"]
[White "David,Alexandru"]
[Black "Bohiltea,F"]
[Result "1-0"]
[WhiteElo "2379"]
[BlackElo "2012"]

1.d4 e6 2.c4 d5 3.Nc3 f5 4.Nf3 Nf6 5.Bf4 c6 6.e3 Bd6 7.Ne5 O-O 8.Bd3 Ne4 9.f3
g5 10.fxe4 gxf4 11.exf4 Bxe5 12.dxe5 d4 13.Ne2 c5 14.O-O Nc6 15.Ng3 Qh4 16.Nh5
Kh8 17.Nf6 b6 18.Rf3 Rxf6 19.Rh3 Qxh3 20.gxh3 Rg6+ 21.Kf2 Ne7 22.exf5 exf5
23.Qf3 Rb8 24.Rg1 Bb7 25.Qh5 Rxg1 26.Kxg1 Rf8 27.Qh6 Ng6 28.h4 Rg8 29.Kf2 Be4
30.h5 Bxd3 31.hxg6 Rg7 32.b3 Rxg6 33.Qf8+ Rg8 34.Qf6+ Rg7 35.e6 {#r} 1-0

[Event "ch-ROU 2017"]
[Site "masterchessopen.com Calimanesti-Caciulata ROU"]
[Date "2017.03.25"]
[Round "1.19"]
[White "Posedaru,B"]
[Black "Ghimpu,Samuel-Timotei"]
[Result "1-0"]
[WhiteElo "2338"]
[BlackElo "2007"]

1.d4 Nf6 2.c4 e6 3.Nc3 Bb4 4.Qc2 b6 5.e4 Bb7 6.Bd3 d5 7.cxd5 exd5 8.Qa4+ Nc6
9.e5 Ne4 10.Ne2 O-O 11.O-O Bxc3 12.bxc3 Na5 13.f3 Ng5 14.Qc2 h6 15.Ng3 c5
16.Bxg5 Qxg5 17.f4 Qd8 18.Qe2 cxd4 19.cxd4 Rc8 20.Nf5 Rc6 21.Rac1 Bc8 22.Nd6
Nc4 23.f5 Qd7 24.Bxc4 dxc4 25.Qg4 Rxd6 26.exd6 Qxd6 27.Qe4 Rd8 28.Rxc4 Ba6
29.Rc6 Qd7 30.Rfc1 Bb7 31.d5 Bxc6 32.dxc6 Qc7 33.a4 Rc8 34.f6 gxf6 35.Qg4+ Kf8
36.Qh4 Kg7 37.Qg4+ Kf8 38.Qf5 Kg7 39.Rc3 Qd8 40.Qg4+ Kf8 41.h3 f5 42.Qb4+ Kg7
43.Rg3+ Kh7 44.Qc3 f6 45.Qf3 Qd4+ 46.Kh2 Qe5 47.Qh5 {#r} 1-0

[Event "ch-ROU 2017"]
[Site "masterchessopen.com Calimanesti-Caciulata ROU"]
[Date "2017.03.25"]
[Round "1.20"]
[White "Maier,Mari2"]
[Black "Bonte,An"]
[Result "0-1"]
[WhiteElo "1991"]
[BlackElo "2325"]

1.d4 Nf6 2.Bf4 e6 3.Nf3 c5 4.e3 b6 5.c4 Bb7 6.Nc3 cxd4 7.exd4 Bb4 8.Qb3 Qe7
9.a3 Ba5 10.Qc2 Bxf3 11.gxf3 Bxc3+ 12.Qxc3 O-O 13.Bg2 Rc8 14.Qd3 d5 15.Rc1
Nbd7 16.O-O dxc4 17.Rxc4 Nd5 18.Bg3 N7f6 19.Rfc1 Qd7 20.Be5 Rxc4 21.Qxc4 Ne8
22.Bf1 Nd6 23.Qc6 Qxc6 24.Rxc6 Nf5 25.Bc4 Kf8 26.Bxd5 exd5 27.Rc7 f6 28.Bf4
Nxd4 29.Bd6+ Kg8 30.Rd7 Nxf3+ 31.Kg2 Ng5 32.Bg3 Ne6 33.Rxd5 Rd8 34.Rb5 Nc5
35.Rb4 Rd2 36.Bb8 Nd3 37.Rd4 Ne1+ {#R} 0-1

[Event "ch-ROU 2017"]
[Site "masterchessopen.com Calimanesti-Caciulata ROU"]
[Date "2017.03.25"]
[Round "1.21"]
[White "Scripcaru,George-Daniel"]
[Black "Tufa,M"]
[Result "0-1"]
[WhiteElo "2313"]
[BlackElo "1983"]

1.d4 Nf6 2.c4 e6 3.Nc3 Bb4 4.e3 c5 5.Ne2 Ne4 6.a3 Bxc3+ 7.Nxc3 Nxc3 8.bxc3 d6
9.Bd3 O-O 10.O-O f5 11.Bd2 Nc6 12.Qc2 e5 13.Rad1 b6 14.f3 Qf6 15.Be1 Ba6
16.Bf2 Na5 17.g4 g6 18.Bg3 f4 19.dxe5 dxe5 20.exf4 exf4 21.Bf2 Bxc4 22.Bxc4+
Nxc4 23.Rfe1 Rad8 24.Qb3 Qf7 25.Rxd8 Rxd8 26.Re4 Ne5 27.Qxf7+ Nxf7 28.Rxf4
Rd1+ 29.Kg2 Rc1 30.Re4 Nd6 31.Ra4 a5 32.Bg3 Nb5 33.Be5 Nxc3 34.Rc4 Ne2 35.Rxc1
Nxc1 36.Bc7 Nb3 37.Bxb6 c4 38.Kf2 c3 39.Ke2 c2 40.Be3 Kf7 41.Kd3 c1=Q 42.Bxc1
Nxc1+ 43.Kc4 Ke6 44.Kb5 Nb3 45.Ka4 Nd4 46.Kxa5 Nxf3 47.Kb6 Nd2 48.a4 Nb3 49.h3
g5 50.Kc6 Ke5 {#R} 0-1

[Event "ch-ROU 2017"]
[Site "masterchessopen.com Calimanesti-Caciulata ROU"]
[Date "2017.03.25"]
[Round "1.23"]
[White "Vrencian,Lehel"]
[Black "Isfan,Ioan-Marius"]
[Result "1-0"]
[WhiteElo "2296"]
[BlackElo "1955"]

1.e4 c5 2.Nf3 Nc6 3.Bb5 d6 4.O-O Bg4 5.c3 a6 6.Bxc6+ bxc6 7.d4 cxd4 8.cxd4 Nf6
9.Nc3 g6 10.h3 Be6 11.Qa4 Qc7 12.Bg5 Bg7 13.Bxf6 exf6 14.d5 Bd7 15.dxc6 Bxc6
16.Qc4 Kd8 17.Rac1 Bh6 18.Nd5 Qb8 19.Qxc6 Bxc1 20.Rxc1 Ra7 {#r} 1-0

[Event "ch-ROU 2017"]
[Site "masterchessopen.com Calimanesti-Caciulata ROU"]
[Date "2017.03.25"]
[Round "1.24"]
[White "Albu,George"]
[Black "Stanciu,Al"]
[Result "0-1"]
[WhiteElo "1950"]
[BlackElo "2285"]

1.d4 Nf6 2.c4 e6 3.Nc3 Bb4 4.e3 O-O 5.Bd3 d5 6.Nf3 c5 7.O-O Nc6 8.a3 Bxc3
9.bxc3 Qc7 10.Qc2 Re8 11.Bb2 Na5 12.Ne5 b6 13.cxd5 c4 14.dxe6 cxd3 15.exf7+
Qxf7 16.Qxd3 Qe7 17.f3 Be6 18.Rfe1 Rad8 19.Qe2 Nc4 20.Nxc4 Bxc4 21.Qf2 Rd5
22.a4 Rh5 23.g3 Qd7 24.e4 g5 25.a5 b5 26.Bc1 g4 27.Bf4 gxf3 28.Qxf3 Qh3 29.Qg2
Qxg2+ 30.Kxg2 Nxe4 31.Re3 Rf5 32.Kf3 Bd5 33.Kg4 Rf6 34.Be5 Nf2+ 35.Kh4 Rh6+
36.Kg5 Rg6+ 37.Kh4 Rg4+ 38.Kh5 Bf7+ 39.Kh6 Re6+ {#R} 0-1

[Event "ch-ROU 2017"]
[Site "masterchessopen.com Calimanesti-Caciulata ROU"]
[Date "2017.03.25"]
[Round "1.25"]
[White "Patrascu,Catalin-Lucian"]
[Black "Dan,Cr"]
[Result "1-0"]
[WhiteElo "2275"]
[BlackElo "1950"]

1.e4 c6 2.d4 e5 3.dxe5 Qa5+ 4.Nc3 Qxe5 5.Nf3 Qh5 6.Be2 d6 7.Ng5 Qg6 8.Bh5 Qf6
9.Nxf7 g6 10.Nxh8 Qxh8 11.Be2 Be6 12.Bf4 Nd7 13.Bxd6 O-O-O 14.Bxf8 Nxf8 15.Qc1
Qe5 16.Qe3 Nf6 17.O-O N8d7 18.Rad1 Re8 19.f4 Qa5 20.e5 Bg4 21.Bxg4 Nxg4 22.Qd4
Qc5 23.Ne4 Qxd4+ 24.Rxd4 Kc7 25.h3 Ne3 26.Rxd7+ Kxd7 27.Nf6+ Ke7 28.Nxe8 Kxe8
29.Rf2 Nd1 30.c3 {#r} 1-0

[Event "ch-ROU 2017"]
[Site "masterchessopen.com Calimanesti-Caciulata ROU"]
[Date "2017.03.25"]
[Round "1.27"]
[White "Ionescu,M"]
[Black "Coca,Cristi-Iulian"]
[Result "1-0"]
[WhiteElo "2274"]
[BlackElo "1929"]

1.Nf3 d5 2.c4 c6 3.e3 Nf6 4.Nc3 e6 5.Qc2 Bd6 6.b3 O-O 7.Bb2 Nbd7 8.Be2 Re8
9.O-O Bb8 10.d4 Qc7 11.g3 dxc4 12.bxc4 e5 13.Rfd1 exd4 14.exd4 Nf8 15.Ne5 Ng6
16.f4 Qe7 17.Re1 c5 18.Bf3 Qd8 19.Nd5 Nxd5 20.Bxd5 Bxe5 21.dxe5 Qc7 22.f5 Ne7
23.e6 Nxd5 24.cxd5 fxe6 25.fxe6 c4 26.Rad1 b5 27.Be5 Qb6+ 28.Bd4 Qd6 29.Qf5
Re7 30.Qe5 Qxe5 31.Rxe5 b4 32.Bc5 Rc7 33.Bxb4 c3 34.d6 c2 35.Rc1 {#r} 1-0